000 00431nam a2200169Ia 4500
003 0STCL
008 150530s9999 xx 000 0 und d
040 _aSTCL
_cSTCL
100 _aPanjab University
245 _aText bok in linear algebra vectors and geometry for T.D.C. III classes
260 _bPanjab University
_c1972
300 _a0
546 _aEnglish
942 _2ddc
_cBK
999 _c24982
_d24982
005 20220125170025.0